Visual attention and visualization perception in the virtual reality environment

Saved in:
Bibliographic Details
Main Author: Shatokhina, Sofia (Author)
Other Authors: Kapec, Peter (Thesis advisor)
Format: Manuscript Book
Language:Slovak
English
Published: 2024
Subjects:
Online Access:http://is.stuba.sk/zp/portal_zp.pl?podrobnosti=177153
Tags: Add Tag
No Tags, Be the first to tag this record!

MARC

LEADER 00000ntm a22000003a 4500
001 stuzp100250
003 SK-STU
005 20240608213828.5
007 ta
008 150427s2015----xo-----f-mn---000-0-slo-d
040 |a STU  |b slo 
041 0 |a eng 
100 1 |a Shatokhina, Sofia  |u 070400  |4 aut  |U FIIT Fakulta informatiky a informačných technológií  |T FIIT Ústav počítačového inžinierstva a aplikovanej informatiky  |X 103119  |U I400  |Y 672  |7 103119 
242 0 1 |a Vizuálna pozornosť a vnímanie vizualizácií v prostredí virtuálnej reality  |y slo 
245 1 0 |a Visual attention and visualization perception in the virtual reality environment 
260 |c 2024 
650 4 |a saliencia  |2 slo 
650 4 |a vizuálna pozornosť  |2 slo 
650 4 |a virtuálna realita  |2 slo 
650 4 |a virtual reality  |2 eng 
650 4 |a visual attention  |2 eng 
650 4 |a saliency  |2 eng 
700 1 |a Kapec, Peter  |u 070400  |k Z1  |4 ths  |U FIIT Fakulta informatiky a informačných technológií  |T FIIT Ústav počítačového inžinierstva a aplikovanej informatiky  |X 10235  |U I400  |Y 672  |7 A000010235 
856 4 |u http://is.stuba.sk/zp/portal_zp.pl?podrobnosti=177153